Select the State Shape, Flag and Capital #2 - Statistics

General Stats
  • This quiz has been taken 9 times
  • The average score is 101 of 150
Answer Stats
Question Tile Select % Correct
Nebraska Yes
100%
Nebraska No
100%
Nevada Yes
100%
Nevada No
100%
New Hampshire No
100%
New Hampshire Yes
100%
Nevada Carson City Yes
100%
Nevada Salt Lake City No
100%
New Jersey Yes
89%
New Jersey No
89%
New Jersey No
89%
New Jersey Yes
89%
New Jersey Annapolis No
89%
Montana Cheyenne No
89%
Nebraska Frankfort No
89%
Montana Helena Yes
89%
Nebraska Lincoln Yes
89%
New Jersey Trenton Yes
89%
Montana No
78%
Montana Yes
78%
Nebraska Yes
78%
Nebraska No
78%
New York Yes
78%
New York No
78%
North Carolina Yes
78%
Ohio Yes
78%
Ohio No
78%
Rhode Island Yes
78%
Rhode Island No
78%
New York Albany Yes
78%
Oklahoma Austin No
78%
North Dakota Bismark Yes
78%
New Hampshire Concord Yes
78%
Pennsylvania Concord No
78%
Pennsylvania Harrisburg Yes
78%
North Dakota Helena No
78%
Oklahoma Oklahoma City Yes
78%
New Hampshire Pierre No
78%
South Dakota Pierre Yes
78%
North Carolina Raleigh Yes
78%
North Carolina Richmond No
78%
Montana Yes
67%
New Mexico Yes
67%
New Mexico Yes
67%
New Mexico No
67%
New Mexico No
67%
North Carolina No
67%
North Dakota Yes
67%
North Dakota Yes
67%
North Dakota No
67%
Oklahoma Yes
67%
Oklahoma Yes
67%
Oklahoma No
67%
Oklahoma No
67%
Oregon Yes
67%
Oregon Yes
67%
Oregon No
67%
Oregon No
67%
Pennsylvania No
67%
Rhode Island Yes
67%
Rhode Island No
67%
South Carolina Yes
67%
South Carolina No
67%
South Dakota Yes
67%
South Dakota Yes
67%
South Dakota No
67%
South Dakota No
67%
Texas Yes
67%
Texas No
67%
Texas Yes
67%
Utah No
67%
Utah Yes
67%
Vermont Yes
67%
Vermont No
67%
Virginia Yes
67%
Virginia Yes
67%
Virginia No
67%
Virginia No
67%
Washington Yes
67%
Washington No
67%
West Virginia Yes
67%
West Virginia No
67%
Wisconsin Yes
67%
Wisconsin No
67%
Texas Austin Yes
67%
South Dakota Bismark No
67%
Washington Boise No
67%
West Virginia Charleston Yes
67%
Wyoming Cheyenne Yes
67%
South Carolina Columbia Yes
67%
West Virginia Columbia No
67%
Ohio Columbus Yes
67%
Utah Denver No
67%
Wyoming Denver No
67%
Ohio Harrisburg No
67%
Rhode Island Hartford No
67%
Tennessee Little Rock No
67%
Tennessee Nashville Yes
67%
Oregon Olympia No
67%
Washington Olympia Yes
67%
Texas Phoenix No
67%
Rhode Island Providence Yes
67%
Virginia Raleigh No
67%
Virginia Richmond Yes
67%
New Mexico Sacramento No
67%
Oregon Salem Yes
67%
Utah Salt Lake City Yes
67%
New Mexico Santa Fe Yes
67%
New York Trenton No
67%
Montana No
56%
New Hampshire Yes
56%
New Hampshire No
56%
North Carolina Yes
56%
North Carolina No
56%
North Dakota No
56%
Ohio Yes
56%
Ohio No
56%
Pennsylvania Yes
56%
South Carolina Yes
56%
South Carolina No
56%
Tennessee Yes
56%
Tennessee No
56%
Tennessee Yes
56%
Texas No
56%
Utah Yes
56%
Utah No
56%
Washington Yes
56%
Washington No
56%
Wisconsin Yes
56%
Wisconsin No
56%
Wyoming Yes
56%
Wyoming Yes
56%
Wyoming No
56%
Wyoming No
56%
South Carolina Columbus No
56%
Vermont Concord No
56%
Wisconsin Jefferson City No
56%
Wisconsin Madison Yes
56%
Vermont Montpelier Yes
56%
New York Yes
44%
New York No
44%
Tennessee No
44%
Vermont Yes
44%
Vermont No
44%
West Virginia Yes
44%
West Virginia No
44%
Nevada Yes
33%
Nevada No
33%
Pennsylvania Yes
22%
Pennsylvania No
11%
No matching quizzes found
Score Distribution
Percent of People with Each Score
Percentile by Number Answered
Your Score History
You have not taken this quiz